Largest Cities In Belgium - Statistics

General Stats
  • This quiz has been taken 206 times
  • The average score is 6 of 10
Answer Stats
Hint Answer % Correct
1.019.022 Brussels
100%
459.805 Antwerp
94%
231.493 Ghent
88%
182.597 Liege
82%
116.709 Bruges
81%
200.132 Charleroi
68%
106.284 Namur
48%
160.553 Anderlecht
28%
132.761 Schaarbeek
9%
97.037 Molenbeek-Saint-Jean
2%
No matching quizzes found
Score Distribution
Percent of People with Each Score
Percentile by Number Answered
Your Score History
You have not taken this quiz